000 00449nam a2200181Ia 4500
001 16460
005 20260306170311.0
008 260306t2016||||xx |||||||||||||| ||und||
041 _aESP
082 _a348.6
_bG72
100 _aGonzales Ramírez, Luis Álvaro
_eAUT
245 0 _aEl contrato de trabajo y sus modalidades
260 _c2016
300 _a174 páginas :
_c24 cm.
650 _aGEN
654 _aCDE
942 _cLIB
_dJUS
_fJUS
_2ddc
_n
999 _c16460
_d16460